000 01141nam a22002537a 4500
005 20110721103311.0
008 110721t xxu||||| |||| 00| 0 mar d
010 _aMAR-21112
020 _c110.00
035 _aMR-13770
037 _bDBAD/PUB
040 _aDPL
_bMR
082 _a891.461
100 _929792
_aतिळवे,श्रीधर
245 _aडेकॅथलॉन :
_cश्रीधर तिळवे
_bरिअल (मायनस) /
246 _aDekthalaun : Real (Mainess)
_bby Sridhar Tikave
260 _aमुंबई
_bनवता
_c2011
270 _a602,आदित्य अरपार्टमेंट,आशानगर,कांदिवली(पूर्व)
_bमुंबई
_e400101
300 _aसहा,111पृ
_c22सेमी(अजिल्द)
650 _aमराठी कविता
_929846
650 _aMarathi Poetry
_929847
942 _2ddc
_cMR
_mतिळवे
_h891.461
999 _c54185
_d54185